Encarnacion Alzona : (Record no. 71292)

MARC details
000 -LEADER
fixed length control field 01023nam a22002177a 4500
003 - CONTROL NUMBER IDENTIFIER
control field PILC
005 - DATE AND TIME OF LATEST TRANSACTION
control field 20240203095822.0
008 - FIXED-LENGTH DATA ELEMENTS--GENERAL INFORMATION
fixed length control field 180205b1996 xxu||||| |||| 00| 0 eng d
010 ## - LIBRARY OF CONGRESS CONTROL NUMBER
LC control number Acc#28809
020 ## - INTERNATIONAL STANDARD BOOK NUMBER
International Standard Book Number 9718729070
040 ## - CATALOGING SOURCE
Transcribing agency Philippine Baptist Theological Seminary
050 ## - LIBRARY OF CONGRESS CALL NUMBER
Classification number Fil PN 6014
Item number C14 1996
100 ## - MAIN ENTRY--PERSONAL NAME
Personal name Camagay, Maria Luisa T.
Relator term author
245 10 - TITLE STATEMENT
Title Encarnacion Alzona :
Remainder of title an anthology /
Statement of responsibility, etc. Maria Luisa T. Camagay
264 ## - PRODUCTION, PUBLICATION, DISTRIBUTION, MANUFACTURE, AND COPYRIGHT NOTICE
Place of production, publication, distribution, manufacture Quezon City, Philippines :
Name of producer, publisher, distributor, manufacturer Office of Research Coordination,
Date of production, publication, distribution, manufacture, or copyright notice 1996
300 ## - PHYSICAL DESCRIPTION
Extent 418 pages ;
Dimensions 26 cm
505 ## - FORMATTED CONTENTS NOTE
Formatted contents note Contents: <br/>A Short Biography of Encarnacion Alzona <br/>I. The Teacher and Education<br/>II. The Filipino Woman in the Eyes of Dr. Alzona <br/>III. History According to Dr. Alzona <br/>IV. Dr. Alzona on Rizal<br/>V. On Filipino Culture<br/>VI. Of Various Personages<br/>Articles which Mention Dr. Alzona <br/>Artices by Dr. Encarnacion Alzona<br/>Awards Given to Dr. Alzona
650 ## - SUBJECT ADDED ENTRY--TOPICAL TERM
Topical term or geographic name as entry element Encarnacion Alzona
General subdivision Anthology
650 ## - SUBJECT ADDED ENTRY--TOPICAL TERM
Topical term or geographic name as entry element Philippine history
General subdivision Women
942 ## - ADDED ENTRY ELEMENTS (KOHA)
Source of classification or shelving scheme Dewey Decimal Classification
Koha item type Circulation Books
Holdings
Withdrawn status Lost status Source of classification or shelving scheme Damaged status Not for loan Home library Current library Shelving location Date acquired Source of acquisition Total Checkouts Full call number Barcode Date last seen Price effective from Koha item type
    Dewey Decimal Classification     PBTS Library PBTS Library Filipiniana Section 02/05/2018 Gift   Fil PN 6014 C14 1996 28809 02/04/2026 02/05/2018 Circulation Books

Philippine Baptist Theological Seminary | 19 Tacay Road, Central Guisad, Baguio City 2600, Philippines